ბათუმის შოთა რუსთაველის სახელმწიფო უნივერსიტეტის ბიბლიოთეკა

თემატური ნოვაციები და სტილისტური ტენდენციები "სამოციანელთა" შემოქმედებაში : დისერტაცია / (ბიბ.ჩანაწერი № 55473)

000 -ლიდერი
ფიქსირებული სიგრძის საკონტროლო ველი 01746nam a2200241Ia 4500
001 - საკონტროლო ნომერი
საკონტროლო ველი 22555
003 - საკონტროლო ნომრის იდენტიფიკატორი
საკონტროლო ველი GE_BSU
005 - ბოლო ოპერაციის თარიღი და დრო
საკონტროლო ველი 20220920171007.0
008 - ფიქსირებული სიგრძის მონაცემთა ელემენტები - ზოგადი ინფორმაცია
ფიქსირებული სიგრძის საკონტროლო ველი 181216s2008||||ge |||||||||||||| ||geo||
040 ## - კატალოგიზაციის წყარო
Transcribing agency GE_BSU
041 ## - ენის კოდი
Language code of text/sound track or separate title geo
080 ## - უნივერსალური ათობითი კლასიფიკაციის ინდექსი
Universal Decimal Classification number 82 თ-15
100 ## - მთავარი ჩანაწერი - პიროვნების სახელი
Personal name თავაძე, სოფიო
9 (RLIN) 5013
245 ## - ცნობა სათაურის შესახებ
Title თემატური ნოვაციები და სტილისტური ტენდენციები "სამოციანელთა" შემოქმედებაში : დისერტაცია /
Statement of responsibility, etc სოფიო თავაძე; სამეცნიერო ხელმძვანელი ო. თაბუკაშვილი; ბათუმის შოთა რუსთაველის სახელმწიფო უნივერსიტეტი, ჰუმანიტარულ მეცნიერებათა ფაკულტეტი.
264 ## - წარმოების, გამოცემის, დისტრიბუციის და სხვა ცნობები
გამოცემის, წარმოების, დისტრიბუციის... ადგილი ბათუმი,
გამოცემის, წარმოების, დისტრიბუციის... სახელწოდება
გამოცემის, წარმოების, დისტრიბუციის... თარიღი 2008.
300 ## - ფიზიკური აღწერა
Extent 143 გვ. ;
Other physical details 30 სმ.
653 ## - INDEX TERM--UNCONTROLLED
Uncontrolled term თემატური ნოვაციები და სტილისტური ტენდენციები "სამოციანელთა" შემოქმედებაში
653 ## - INDEX TERM--UNCONTROLLED
Uncontrolled term ხელოვნება
653 ## - INDEX TERM--UNCONTROLLED
Uncontrolled term დისერტაცია
700 ## - ADDED ENTRY--PERSONAL NAME
Personal name თაბუკაშვილი, ო.
Relator term სამეცნიერო ხელმძვანელი
9 (RLIN) 10567
710 ## - ADDED ENTRY--CORPORATE NAME
Corporate name or jurisdiction name as entry element ბათუმის შოთა რუსთაველის სახელმწიფო უნივერსიტეტი
Subordinate unit ჰუმანიტარულ მეცნიერებათა ფაკულტეტი.
9 (RLIN) 11844
942 ## - ADDED ENTRY ELEMENTS (KOHA)
Koha item type წიგნი
Source of classification or shelving scheme
ეგზემპლარები
ჩამოწერის სტატუსი დაკარგული ეგზემპლარის სტატუსი კლასიფიკაციის წყარო ან თაროზე გაწყობის სქემა დაზიანების სტატუსი არ გაიცემა მუდმივი მდებარეობა (დაცვის ადგილი) ამჟამინდელი ადგილსამყოფელი თაროზე განთავსების ადგილი შეძენის თარიღი სრული შენახვის შიფრი შტრიხკოდი ბოლო ოპერაციის თარიღი ეგზემპლარის მიმდევრობითი ნომერი (კეტერი?) ფასის ძალაში შესვლის თარიღი ეგზემპლარის სახეობა საჯარო შენიშვნა
          ბათუმის შოთა რუსთაველის სახელმწიფო უნივერსიტეტის მთავარი ბიბლიოთეკა ბათუმის შოთა რუსთაველის სახელმწიფო უნივერსიტეტის მთავარი ბიბლიოთეკა წიგნსაცავი 2018-12-17 82 თ-15 46 დისერტ 2018-12-17 46 2018-12-17 დისერტაცია